000 00583nam a2200229Ia 4500
003 OSt
005 20221005115536.0
006 a|||||r|||| 00| 0
007 ta
008 221004b |||||||| |||| 00| 0 tam d
024 _a61645
037 _cTextual
040 _aCRL
_cCRL
_btam
041 _2tam
_atam
082 _aO31,1K70,5, G5
100 _aKumaragurupara Au.
_9229556
245 0 _aChidhambaramumma nikkovai
260 _c1935
650 _aTAMIL POETRY
942 _hO31,1K70,5, G5
_cTEXL
_2cc
999 _c1035144
_d1035144